01612nam a22002417a 450000500170000000800410001702000150005804000070007304100120008008200200009210000210011224500970013326000480023030000260027836500610030452007460036565000250111165000340113670000230117094200120119399900190120595201460122420220305123935.0220303b ||||| |||| 00| 0 eng d a8180692086 cAL aEnglish 223a004.6bGUPI aV S Gupta922927 aInternational CommunicationbContemporary issues and trends in global information revolution aNew DelhibConcept Publishing Companyc2005 a208 p.bHBc22x14 cm. aMLSH21CRB337b₹280.00c₹d₹350.00e20%f20-02-2022 aThis work discusses issues and trends in Global Information Revolution and includes chapters on globalisation, new information and communication technologies, Internet and its impact on society and intellectual property rights. A well researched study, the book includes references and data upto end2004. A number of annexures, glossary and comprehensive bibliography comprising books, journals and websites add value to the book. Written for the students of mass communication according to the recommendations of the UGC Curriculum Development Committee, the book will be an essential reading for students and teachers of sociology, international relations and all those interested in how contemporary society is changing and changing fast. aCommunication922597 aInformation technology922598 aGUPTA (V S)922599 2ddccBK c221689d221689 00102ddc40708JRaALbALd2022-02-24eSapna Book House (p) ltdg280.00l0o004.6 GUPIp075521r2022-03-03 00:00:00v350.00w2022-03-03yBK